[Event "COL-ch Amateur U2300"]
[Site "Bogota"]
[Date "2018.02.15"]
[Round "1"]
[White "Polo, Victor Ramon"]
[Black "Lopez, Jorge Hernan"]
[Result "1-0"]
[WhiteElo "2114"]
[BlackElo "1993"]
[PlyCount "27"]
[EventDate "2018.02.15"]
[EventType "swiss"]
[EventRounds "7"]
[EventCountry "COL"]
[SourceTitle "EXT 2024"]
[Source "ChessBase"]
[SourceDate "2023.10.10"]
[SourceVersion "1"]
[SourceVersionDate "2023.10.10"]
[SourceQuality "1"]

1. d4 Nf6 2. Bf4 d5 3. e3 c5 4. c3 Nc6 5. Nd2 Qb6 6. Qb3 Bf5 7. dxc5 Qxb3 8. axb3 e5 9. Bg3 Bxc5 10. Ngf3 Nd7 11. b4 Bd6 12. Nd4 exd4 13. Bxd6 dxe3 14. fxe3 1-0